000 00343nam a2200145Ia 4500
008 230718s9999 xx 000 0 und d
041 _aEng.
082 _a343.49
_bBUT-T
100 _aBUTT,Muhammad Ishfaq
245 0 _aTelecommunication laws
260 _aPakistan
_b civil publisher
_c2009
300 _a214
650 _aLaw
999 _c30418
_d30418